[Event "World Youth Open U16 2016"]
[Site "Khanty-Mansiysk RUS"]
[Date "2016.09.28"]
[Round "6.14"]
[White "Banzea, Alexandru-Bogdan"]
[Black "Kevlishvili, Robby"]
[Result "1/2-1/2"]
[WhiteTitle "FM"]
[BlackTitle "FM"]
[WhiteElo "2284"]
[BlackElo "2402"]
[WhiteFideId "1232622"]
[BlackFideId "1040634"]
[EventDate "2016.09.22"]

1. e4 c5 2. Nf3 d6 3. Bb5+ Nc6 4. O-O Bd7 5. Re1 Nf6 6. c3 a6 7. Bc4 Bg4 8. d4
cxd4 9. cxd4 Bxf3 10. gxf3 e5 11. Be3 exd4 12. Bxd4 g6 13. Nc3 Bg7 14. Be3 O-O
15. Qd2 Ne5 16. Be2 Rc8 17. Rad1 Rc6 18. f4 Nc4 19. Bxc4 Rxc4 20. Qxd6 Qxd6 21.
Rxd6 Nxe4 22. Nxe4 Rxe4 23. Rb6 Bh6 24. Rd1 Bxf4 25. Bxf4 Rxf4 26. Rxb7 Rc8 27.
Rbd7 Rc2 28. R7d2 Rc5 29. Rd5 Rc2 30. R5d2 Rc5 31. Rd5 Rcc4 32. R5d3 h5 33. h3
Kg7 34. Kg2 Rf5 35. Rd5 Rff4 36. R5d3 Rf5 37. Rd5 Rxd5 38. Rxd5 Rc2 39. Ra5 Rxb2
40. Rxa6 Rb4 41. Kg3 g5 42. Kg2 f6 43. a3 Rc4 44. a4 Kg6 45. Ra8 Kf5 46. a5 Ra4
47. a6 Kf4 48. a7 f5 49. Rh8 Rxa7 50. Rxh5 Ra2 51. Rh8 g4 52. hxg4 Kxg4 1/2-1/2

[Event "World Youth Open U16 2016"]
[Site "Khanty-Mansiysk RUS"]
[Date "2016.09.28"]
[Round "6.15"]
[White "Nikitenko, Mihail"]
[Black "Tiglon, Bryce"]
[Result "0-1"]
[BlackTitle "FM"]
[WhiteElo "2399"]
[BlackElo "2292"]
[WhiteFideId "13506862"]
[BlackFideId "2087456"]
[EventDate "2016.09.22"]

1. Nf3 Nf6 2. g3 g6 3. Bg2 Bg7 4. O-O O-O 5. d3 d5 6. Nbd2 c5 7. e4 dxe4 8. dxe4
Nc6 9. c3 Qc7 10. Qc2 Rd8 11. Nc4 b5 12. Bf4 Qb7 13. Ncd2 c4 14. h3 h6 15. Be3
e5 16. a4 a6 17. axb5 axb5 18. b3 Be6 19. bxc4 bxc4 20. Rab1 Qc8 21. Kh2 Nd7 22.
Nh4 Nd4 23. cxd4 exd4 24. Nf5 gxf5 25. Bxd4 Bxd4 26. exf5 Bxf5 27. Qxf5 Ne5 28.
Qc2 Ra3 29. f4 c3 30. Nb3 Nc4 31. Rfe1 Ne3 32. Qe4 Nxg2 33. Re2 Rxb3 34. Rxb3
Ne3 35. Rb1 c2 36. Rc1 Re8 37. Qxd4 Nf1+ 38. Kg1 Rxe2 39. Kxf1 Qa6 40. Kg1 Qa8 0-1

[Event "World Youth Open U16 2016"]
[Site "Khanty-Mansiysk RUS"]
[Date "2016.09.28"]
[Round "6.16"]
[White "Trubchaninov, Timur"]
[Black "Makhnyov, Denis"]
[Result "1-0"]
[BlackTitle "FM"]
[WhiteElo "2233"]
[BlackElo "2375"]
[WhiteFideId "24176931"]
[BlackFideId "13707647"]
[EventDate "2016.09.22"]

1. e4 e5 2. Nf3 Nc6 3. Bb5 Nf6 4. d3 Bc5 5. Bxc6 dxc6 6. Nbd2 Bd6 7. Nc4 Qe7 8.
Bg5 Qe6 9. O-O O-O 10. Qe2 Nd7 11. Nh4 Nb6 12. Nd2 h6 13. Be3 Qf6 14. g3 g5 15.
Nf5 Bxf5 16. Qf3 g4 17. Qxf5 Qxf5 18. exf5 Kg7 19. Ne4 f6 20. Kg2 Rad8 21. Rh1
Nd5 22. h3 gxh3+ 23. Rxh3 Nxe3+ 24. fxe3 Rh8 25. Rah1 Be7 26. Rh4 a5 27. Rg4+
Kf7 28. Rh5 Rdg8 29. Rgh4 Bf8 30. Kf3 Rg7 31. g4 Rgg8 32. Rh1 Bg7 33. Nc5 Re8
34. Ne6 Rxe6 35. fxe6+ Kxe6 36. d4 Rd8 37. Ke4 exd4 38. exd4 b6 39. Rf5 Bf8 40.
c4 Kf7 41. Rhf1 Be7 42. a3 Rg8 43. Rg1 Re8 44. Kd3 Rg8 45. Rh5 Rd8 46. Kc3 Bf8
47. Re1 Bg7 48. Rf5 Bf8 49. c5 Ra8 50. Ref1 Be7 51. Rh5 Bf8 52. Rhf5 Be7 53. Kc4
Rd8 54. b4 axb4 55. axb4 Ra8 56. Kb3 Rd8 57. R5f4 Ra8 58. Re4 bxc5 59. dxc5 Rb8
60. Kc4 Ra8 61. Rd1 Bf8 1-0

[Event "World Youth Open U16 2016"]
[Site "Khanty-Mansiysk RUS"]
[Date "2016.09.28"]
[Round "6.17"]
[White "Elistratov, Semen"]
[Black "Nguyen, Dang Hong Phuc"]
[Result "0-1"]
[WhiteTitle "FM"]
[WhiteElo "2371"]
[BlackElo "2209"]
[WhiteFideId "24134325"]
[BlackFideId "12402761"]
[EventDate "2016.09.22"]

1. e4 e6 2. d4 d5 3. Nd2 dxe4 4. Nxe4 Bd7 5. Nf3 Bc6 6. Bd3 Nd7 7. O-O Ngf6 8.
Ng3 Be7 9. Qe2 Bxf3 10. Qxf3 c6 11. Re1 O-O 12. c3 Re8 13. Bg5 Nf8 14. h4 Nd5
15. Ne4 h6 16. Bxe7 Qxe7 17. g3 Nd7 18. Re2 Red8 19. Nd2 a5 20. Rae1 Nf8 21. Bb1
a4 22. a3 Qc7 23. Ne4 Nd7 24. Ba2 N5f6 25. Nxf6+ Nxf6 26. g4 Ra5 27. Re5 Rxe5
28. Rxe5 Nd7 29. Rh5 Nf6 30. Re5 Nd7 31. Re4 Nf8 32. g5 hxg5 33. hxg5 c5 34. g6
Nxg6 35. Rxe6 Nh4 36. Qe4 fxe6 37. Bxe6+ Kf8 38. Qxh4 cxd4 39. Ba2 dxc3 40. Qh8+
Ke7 41. Qxg7+ Kd6 42. Qg5 Qe7 43. Qg6+ Kc7 44. Qg3+ Rd6 45. bxc3 Qe1+ 46. Kh2
Kc6 47. Qf3+ Kb6 48. Qf4 Qd2 49. Qb4+ Kc7 50. Qc5+ Kb8 51. Qe5 Qxf2+ 52. Kh3
Qf3+ 53. Kh2 Qf6 54. Qxf6 Rxf6 55. Kg3 Rc6 56. c4 Rb6 57. c5 Rb3+ 58. Kf4 Rxa3
59. Bf7 Rc3 60. Ke4 Rxc5 0-1

[Event "World Youth Open U16 2016"]
[Site "Khanty-Mansiysk RUS"]
[Date "2016.09.28"]
[Round "6.18"]
[White "Mustafin, Andrey"]
[Black "Urban, Konstantin"]
[Result "1-0"]
[WhiteTitle "FM"]
[WhiteElo "2242"]
[BlackElo "2361"]
[WhiteFideId "13406744"]
[BlackFideId "12927511"]
[EventDate "2016.09.22"]

1. Nf3 Nf6 2. b3 d6 3. d4 g6 4. Bb2 Bg7 5. e3 O-O 6. Be2 Nbd7 7. c4 e5 8. Nc3
Re8 9. Qc2 Nf8 10. dxe5 dxe5 11. Rd1 Qe7 12. O-O e4 13. Nd2 c6 14. a3 Bf5 15. b4
b6 16. b5 Qc7 17. bxc6 Qxc6 18. Nb3 Ne6 19. c5 Red8 20. Nb5 bxc5 21. Rxd8+ Rxd8
22. Nxa7 Qb6 23. Nb5 Bg4 24. Bc4 Ng5 25. Be5 Qc6 26. Rc1 Be6 27. h4 Bxc4 28.
Qxc4 Ne6 29. N3d4 Nxd4 30. Bxd4 Nd7 31. Nc3 Bf8 32. Nd5 Qe6 33. Bb2 Ne5 34. Bxe5
Rxd5 35. Bg3 Rd1+ 36. Kh2 Rxc1 37. Qxc1 Qb3 38. Be5 c4 39. Qd2 Qxa3 40. Qd4 Qc5
41. Qxe4 c3 42. Bd4 Qc7+ 43. Be5 Qe7 44. f4 Qxh4+ 45. Kg1 Qe1+ 46. Kh2 Qh4+ 47.
Kg1 Qe1+ 48. Kh2 h6 49. Qc6 Qh4+ 50. Kg1 c2 51. Qxc2 Qe1+ 52. Kh2 Qh4+ 53. Kg1
Qe1+ 54. Kh2 Qxe3 55. Qc6 Qe2 56. Qf6 Qh5+ 57. Kg3 1-0

[Event "World Youth Open U16 2016"]
[Site "Khanty-Mansiysk RUS"]
[Date "2016.09.28"]
[Round "6.19"]
[White "Lodici, Lorenzo"]
[Black "Doluweera, Minul Sanjula"]
[Result "0-1"]
[WhiteTitle "FM"]
[BlackTitle "CM"]
[WhiteElo "2359"]
[BlackElo "2127"]
[WhiteFideId "884189"]
[BlackFideId "9910760"]
[EventDate "2016.09.22"]

1. d4 d5 2. c4 e6 3. Nc3 c5 4. cxd5 cxd4 5. Qa4+ Bd7 6. Qxd4 exd5 7. Qxd5 Nc6 8.
e3 Nf6 9. Qd1 Bc5 10. Nf3 Qe7 11. Be2 g5 12. O-O g4 13. Nd4 O-O-O 14. b4 Bxb4
15. Bb2 h5 16. Rc1 Kb8 17. Ncb5 a6 18. Nxc6+ Bxc6 19. Qb3 Bxb5 20. Bxb5 Rh6 21.
Rc4 Nd5 22. Rd4 Rb6 23. Rxd5 Rxd5 24. Qxd5 Rxb5 25. Qc4 Qc7 26. Qd4 Bd6 27. Qh8+
Qc8 28. Qf6 Qc7 29. Qh8+ Qc8 30. Qg7 Qf8 31. Qf6 Qe7 32. Qh6 Qe6 33. Qh7 Qxa2
34. Qh8+ Ka7 35. Bd4+ Bc5 0-1

[Event "World Youth Open U16 2016"]
[Site "Khanty-Mansiysk RUS"]
[Date "2016.09.28"]
[Round "6.20"]
[White "Thilakarathne, G M S"]
[Black "Carnicelli, Valerio"]
[Result "0-1"]
[WhiteElo "1900"]
[BlackElo "2329"]
[WhiteFideId "9913475"]
[BlackFideId "856185"]
[EventDate "2016.09.22"]

1. e4 e5 2. Nf3 Nc6 3. c3 Nf6 4. d4 Nxe4 5. d5 Bc5 6. dxc6 Bxf2+ 7. Ke2 bxc6 8.
Qa4 f5 9. Nbd2 O-O 10. Nxe4 fxe4 11. Kxf2 d5 12. Be3 Qf6 13. h3 Bd7 14. Bc5 Rf7
15. Ba6 Qh6 16. Qc2 exf3 17. g4 Qh4+ 18. Kg1 d4 19. cxd4 f2+ 20. Kf1 Bxg4 21.
Bc4 Bxh3+ 22. Rxh3 Qxh3+ 23. Ke2 f1=Q+ 24. Rxf1 Qxf1+ 25. Kd2 Qf2+ 26. Kc3 exd4+
27. Bxd4 Qxc2+ 28. Kxc2 0-1

[Event "World Youth Open U16 2016"]
[Site "Khanty-Mansiysk RUS"]
[Date "2016.09.28"]
[Round "6.21"]
[White "Mirzoyan, David"]
[Black "Stabulnieks, Klavs"]
[Result "1-0"]
[WhiteTitle "FM"]
[WhiteElo "2322"]
[BlackElo "2069"]
[WhiteFideId "13308386"]
[BlackFideId "11603984"]
[EventDate "2016.09.22"]

1. Nf3 Nf6 2. c4 g6 3. g3 Bg7 4. Bg2 O-O 5. O-O d6 6. d4 Nc6 7. Nc3 Bf5 8. Bg5
Ne4 9. Nxe4 Bxe4 10. d5 Na5 11. b3 c5 12. Rc1 a6 13. Bh3 Bxf3 14. exf3 Rb8 15.
Qe1 Bf6 16. Bd2 b6 17. f4 Nb7 18. Kg2 b5 19. Rc2 bxc4 20. Rxc4 Qb6 21. f5 Nd8
22. Bh6 Qb7 23. Bxf8 Qxd5+ 24. Qe4 Qxe4+ 25. Rxe4 Kxf8 26. fxg6 hxg6 27. Ra4 Ra8
28. b4 cxb4 29. Rxb4 Nc6 30. Ra4 a5 31. Rc1 Nd8 32. Rc7 e6 33. Bg4 Bb2 34. h4
Ra6 35. h5 gxh5 36. Bxh5 Be5 37. Be2 Ra8 38. f4 Bb2 39. g4 Bf6 40. Ra3 Bb2 41.
Rb3 Bf6 42. a4 Bd4 43. Bb5 Rb8 44. Rd7 Bc5 45. f5 Kg8 46. Rf3 e5 47. g5 e4 48.
Rg3 1-0

[Event "World Youth Open U16 2016"]
[Site "Khanty-Mansiysk RUS"]
[Date "2016.09.28"]
[Round "6.22"]
[White "Fawzy, Adham"]
[Black "Kalinouski, Siarhei"]
[Result "1-0"]
[WhiteTitle "IM"]
[WhiteElo "2451"]
[BlackElo "2169"]
[WhiteFideId "10613129"]
[BlackFideId "13507060"]
[EventDate "2016.09.22"]

1. e4 e5 2. Bc4 Nc6 3. Nf3 d6 4. O-O Be7 5. d4 Nxd4 6. Nxd4 exd4 7. Qh5 g6 8.
Qb5+ Qd7 9. Qb3 Bf6 10. f4 Bg7 11. f5 Nf6 12. fxg6 fxg6 13. Bg5 Rf8 14. Nd2 c6
15. Rae1 Qc7 16. Qg3 Ng4 17. Rxf8+ Bxf8 18. e5 d5 19. Bd3 Be7 20. Nf3 Bf5 21.
Bxf5 gxf5 22. h3 Bxg5 23. Nxg5 Qe7 24. Nf3 Nh6 25. Qf4 Qe6 26. Nxd4 Qg6 27. e6
O-O-O 28. e7 Rg8 29. Re2 Kd7 30. Ne6 Kxe7 31. Qc7+ 1-0

[Event "World Youth Open U16 2016"]
[Site "Khanty-Mansiysk RUS"]
[Date "2016.09.28"]
[Round "6.23"]
[White "Mitrabha, Guha"]
[Black "Savic, Mihailo S"]
[Result "1-0"]
[WhiteTitle "FM"]
[WhiteElo "2286"]
[BlackElo "2067"]
[WhiteFideId "5057000"]
[BlackFideId "919934"]
[EventDate "2016.09.22"]

1. d4 e6 2. c4 Nf6 3. Nf3 Bb4+ 4. Bd2 Qe7 5. g3 Nc6 6. Nc3 e5 7. dxe5 Nxe5 8.
Nxe5 Qxe5 9. Bg2 O-O 10. O-O d6 11. Rc1 Rb8 12. a3 Bxc3 13. Bxc3 Qe7 14. Qc2 Re8
15. Rfe1 Bd7 16. e4 Bc6 17. Bd4 a6 18. e5 Bd7 19. Qc3 dxe5 20. Rxe5 Be6 21. f4
Nd7 22. Re2 Qf8 23. Rce1 c5 24. Bf2 g6 25. Rd2 Qg7 26. Qxg7+ Kxg7 27. Rxe6 Rxe6
28. Rxd7 b6 29. Bd5 Rf6 30. Be1 Kf8 31. Bc3 Rf5 32. Be5 Re8 33. g4 Rexe5 34.
gxf5 Rxf5 1-0

[Event "World Youth Open U16 2016"]
[Site "Khanty-Mansiysk RUS"]
[Date "2016.09.28"]
[Round "6.24"]
[White "Turar, Dastan"]
[Black "Cadilhac, Igor Tokuichi Kikuchi"]
[Result "0-1"]
[BlackTitle "FM"]
[WhiteElo "2205"]
[BlackElo "2269"]
[WhiteFideId "13707639"]
[BlackFideId "2132150"]
[EventDate "2016.09.22"]

1. d4 Nf6 2. c4 e6 3. Nf3 d5 4. Nc3 Be7 5. Bg5 h6 6. Bxf6 Bxf6 7. e3 a6 8. Rc1
O-O 9. Bd3 c6 10. O-O Nd7 11. cxd5 cxd5 12. e4 dxe4 13. Bxe4 Rb8 14. Qe2 Nb6 15.
Bb1 Bd7 16. Qd3 g6 17. Rfe1 Rc8 18. h4 Bxh4 19. Ne5 Be8 20. a4 Bf6 21. Rcd1 Nd5
22. Qh3 Nxc3 23. bxc3 Bg7 24. a5 Kh7 25. c4 Qxa5 26. c5 Rd8 27. Qf3 Rxd4 28. Rc1
Rd5 29. Nc4 Qc7 30. Nd6 Bc6 31. Be4 Rg5 32. Nxb7 Bxb7 33. Bxb7 Rxc5 34. Rxc5
Qxc5 35. Bxa6 Qa5 36. Qe2 Rd8 37. Bc4 Rd2 38. Qf3 Rc2 39. Re4 f5 40. Rh4 Rc1+
41. Bf1 Qb5 0-1

[Event "World Youth Open U16 2016"]
[Site "Khanty-Mansiysk RUS"]
[Date "2016.09.28"]
[Round "6.25"]
[White "Tifferet, Shaked"]
[Black "Nurzhanov, Timur"]
[Result "0-1"]
[WhiteTitle "FM"]
[WhiteElo "2220"]
[BlackElo "2087"]
[WhiteFideId "2811529"]
[BlackFideId "13709780"]
[EventDate "2016.09.22"]

1. e4 c5 2. Nf3 e6 3. b3 a6 4. Bb2 d6 5. Bd3 Nf6 6. e5 dxe5 7. Nxe5 b5 8. a4 b4
9. Qe2 Bb7 10. f4 Be7 11. Bc4 O-O 12. d3 Nc6 13. O-O Nd4 14. Qf2 Nd5 15. Bxd4
cxd4 16. Bxd5 Qxd5 17. Nd2 Bd6 18. Qg3 f6 19. Nec4 Bc7 20. Rae1 Rad8 21. Re2 Kh8
22. Qh3 Rde8 23. Ne4 Re7 24. Qh4 Bb8 25. Rf3 Ref7 26. Rh3 g5 27. fxg5 Bf4 28.
Qh5 Rg7 29. g4 f5 30. Nb6 Qc6 31. Nc4 fxe4 32. Rxe4 Be3+ 33. Nxe3 dxe3 34. Rhxe3
Qxc2 35. Re2 Qd1+ 36. Re1 Qf3 0-1

[Event "World Youth Open U16 2016"]
[Site "Khanty-Mansiysk RUS"]
[Date "2016.09.28"]
[Round "6.26"]
[White "Poleg, Dan"]
[Black "D'Avino, Gianfranco"]
[Result "0-1"]
[WhiteElo "2321"]
[BlackElo "2085"]
[WhiteFideId "2812398"]
[BlackFideId "884979"]
[EventDate "2016.09.22"]

1. d4 Nf6 2. Nf3 g6 3. Bg5 Ne4 4. Bf4 Bg7 5. Nbd2 d5 6. e3 Nd7 7. c4 e6 8. Bd3
Nxd2 9. Qxd2 dxc4 10. Bxc4 O-O 11. O-O e5 12. Bg5 Qe8 13. Qc2 exd4 14. exd4 Nb6
15. Bb3 Be6 16. Qxc7 Bxb3 17. axb3 Qe4 18. Rfe1 Qd5 19. Qc3 Rfc8 20. Qd3 Nd7 21.
Red1 Rc6 22. Be3 a6 23. Nd2 f5 24. f4 b5 25. Nf3 Rd8 26. Rac1 Re6 27. Rc3 Bf8
28. Ng5 Rd6 29. Qe2 Nf6 30. Qf3 Re8 31. Bc1 Ne4 32. Nxe4 Rxe4 33. Be3 Bg7 34.
Rcd3 Rc6 35. Qf2 h6 36. Qd2 Rce6 37. Qc3 b4 38. Qd2 g5 39. fxg5 hxg5 40. Bf2 a5
41. Kf1 f4 42. Re1 Rxe1+ 43. Bxe1 Qf5 44. d5 Re3 45. Rd4 Bxd4 46. Qxd4 Qd3+ 47.
Qxd3 Rxd3 48. d6 Kf7 49. d7 Ke7 50. d8=Q+ Kxd8 51. Bf2 Rxb3 0-1

[Event "World Youth Open U16 2016"]
[Site "Khanty-Mansiysk RUS"]
[Date "2016.09.28"]
[Round "6.27"]
[White "Roshka, Yevgeniy"]
[Black "Voinikonis, Nikita"]
[Result "1-0"]
[WhiteElo "2275"]
[BlackElo "2055"]
[WhiteFideId "14129558"]
[BlackFideId "34187500"]
[EventDate "2016.09.22"]

1. e4 c5 2. Nf3 d6 3. d3 g6 4. g3 Nc6 5. Bg2 Bg7 6. Nbd2 e5 7. O-O Nge7 8. c3
O-O 9. a3 h6 10. b4 b6 11. Nc4 b5 12. Nb2 Be6 13. Be3 Qb6 14. Qd2 Kh7 15. bxc5
dxc5 16. Rfb1 Bb3 17. Nd1 Na5 18. Qc1 Rfd8 19. Nd2 Bxd1 20. Qxd1 Qc6 21. Qc2 c4
22. dxc4 Nxc4 23. Nxc4 bxc4 24. Rb4 Nc8 25. Bf1 Nd6 26. f3 f5 27. exf5 Nxf5 28.
Bf2 Rac8 29. Be2 Qa6 30. Qa2 Bf8 31. Rxc4 Rxc4 32. Bxc4 Qc6 33. Be2 Qxc3 34.
Qf7+ Bg7 35. Re1 Nd4 36. Kg2 Nc2 37. Rb1 Rd2 38. Rb8 h5 39. Qg8+ Kh6 40. Rc8 Qb2
41. Qc4 Qxa3 42. Qe4 Rxe2 43. Qxe2 Nd4 44. Qe3+ Qxe3 45. Bxe3+ Kh7 46. Bxd4 exd4
47. Ra8 Kh6 48. Rxa7 h4 49. Kh3 hxg3 50. hxg3 Bf8 51. Rd7 Bc5 52. Rd5 Bb6 53.
Kg4 Ba7 54. f4 Bb6 55. Kf3 Kg7 56. Ke4 d3 57. Rxd3 Bg1 58. g4 Kf6 59. Rd6+ Kg7
60. g5 Bh2 61. Rd7+ Kg8 62. Ke5 Kh8 63. Rd2 Bg3 64. Rd3 1-0

[Event "World Youth Open U16 2016"]
[Site "Khanty-Mansiysk RUS"]
[Date "2016.09.28"]
[Round "6.28"]
[White "Lintner, Igor"]
[Black "Villca, Julian"]
[Result "0-1"]
[BlackTitle "FM"]
[WhiteElo "2065"]
[BlackElo "2234"]
[WhiteFideId "14932970"]
[BlackFideId "134902"]
[EventDate "2016.09.22"]

1. e4 e5 2. Nf3 Nc6 3. Bb5 a6 4. Ba4 Nf6 5. d3 b5 6. Bb3 Bc5 7. O-O O-O 8. a4
Bb7 9. c3 d5 10. exd5 Nxd5 11. axb5 axb5 12. Rxa8 Bxa8 13. Nbd2 Bb6 14. Ne4 h6
15. Bxh6 Na5 16. Nxe5 f5 17. Be3 Bxe3 18. fxe3 Qe8 19. Bxd5+ Bxd5 20. Ng5 Bb3
21. Qe2 Qxe5 22. Qh5 Rf6 23. Qh7+ Kf8 24. Qh8+ Ke7 25. Qxg7+ Bf7 26. Rf3 Qd5 27.
e4 Qb3 28. Nh7 Rg6 29. Qf8+ Kd7 30. Rxf5 Be6 31. Nf6+ Rxf6 32. Rxf6 Qd1+ 33. Rf1
Qxd3 34. Qg7+ Kc8 35. Qg6 Bc4 36. Rf8+ Kb7 37. h4 Nc6 38. Qe8 Qg3 39. Qh5 Ne5
40. Qg5 Ng4 0-1

[Event "World Youth Open U16 2016"]
[Site "Khanty-Mansiysk RUS"]
[Date "2016.09.28"]
[Round "6.30"]
[White "Kristensen, Bjarke Hautop"]
[Black "Koziol, Kamil"]
[Result "0-1"]
[WhiteElo "2039"]
[BlackElo "2212"]
[WhiteFideId "1437747"]
[BlackFideId "1161555"]
[EventDate "2016.09.22"]

1. d4 Nf6 2. c4 e6 3. Nc3 Bb4 4. e3 O-O 5. Ne2 Re8 6. a3 Bf8 7. e4 d5 8. e5 Nfd7
9. c5 b6 10. b4 a5 11. Be3 f6 12. f4 bxc5 13. bxc5 fxe5 14. fxe5 Ba6 15. g3 Bxc5
16. dxc5 Nxe5 17. Nd4 Nc4 18. Bf2 c6 19. Be2 e5 20. Nf5 Rf8 21. Bxc4 Bxc4 22. g4
Nd7 23. Qd2 Qf6 24. O-O-O Rab8 25. Rde1 Rb3 26. Bh4 Qe6 27. Nd4 Rxc3+ 28. Qxc3
Qh6+ 29. Qd2 Qxh4 30. Nxc6 Nxc5 31. Nxa5 Rf2 32. Qc3 Qh6+ 33. Qe3 Nd3+ 34. Kb1
Qd6 35. Nxc4 dxc4 36. Re2 Rf7 37. Ka2 c3 38. Rd1 Nb4+ 39. axb4 Qxd1 40. b5 Qa4+
41. Kb1 Qb3+ 0-1

[Event "World Youth Open U16 2016"]
[Site "Khanty-Mansiysk RUS"]
[Date "2016.09.28"]
[Round "6.31"]
[White "Donoso Diaz, Sebastian"]
[Black "Shkurkin, Andrey"]
[Result "1-0"]
[WhiteTitle "FM"]
[BlackTitle "FM"]
[WhiteElo "2005"]
[BlackElo "2190"]
[WhiteFideId "3416097"]
[BlackFideId "34179647"]
[EventDate "2016.09.22"]

1. e4 d6 2. d4 Nf6 3. Nc3 e5 4. Nf3 Nbd7 5. Bc4 Be7 6. O-O O-O 7. a4 exd4 8.
Nxd4 Ne5 9. Bb3 Nc6 10. Bf4 Nd7 11. Bxf7+ Rxf7 12. Ne6 Qe8 13. Nxc7 Qd8 14. N3d5
Rb8 15. Ne6 Qa5 16. b4 Nxb4 17. Bd2 Nc5 18. Bxb4 Qa6 19. Nxc5 dxc5 20. Nxe7+
Rxe7 21. Qd8+ Kf7 22. Bxc5 Rd7 23. Qf8+ Kg6 24. Qf5+ 1-0

[Event "World Youth Open U16 2016"]
[Site "Khanty-Mansiysk RUS"]
[Date "2016.09.28"]
[Round "6.32"]
[White "Bold, Khosbayar"]
[Black "Den Hartog, Marijn"]
[Result "1-0"]
[WhiteElo "1926"]
[BlackElo "2190"]
[WhiteFideId "4903692"]
[BlackFideId "1046098"]
[EventDate "2016.09.22"]

1. e4 e6 2. d4 d5 3. Nc3 Nf6 4. e5 Nfd7 5. f4 c5 6. Nf3 Be7 7. Be3 O-O 8. Qd2 b6
9. Bd3 Ba6 10. O-O Bxd3 11. cxd3 Nc6 12. Kh1 Rc8 13. dxc5 bxc5 14. d4 cxd4 15.
Nxd4 Nc5 16. Nxc6 Rxc6 17. f5 Ne4 18. Nxe4 dxe4 19. Qf2 f6 20. exf6 Rxf6 21. g4
h5 22. Rad1 Qc7 23. Qg2 Rc2 24. Rd2 Rxd2 25. Bxd2 hxg4 26. Rc1 Qb7 27. fxe6 Rxe6
28. Be3 Rc6 29. Rd1 Rg6 30. Rd4 Re6 31. Qxg4 Qc6 32. b3 Bf6 33. Rc4 Qe8 34. Rc7
Rc6 35. Rxa7 Rc3 36. Bh6 Qe5 37. Qg6 Rc8 38. Be3 Qa1+ 39. Bg1 Qe5 40. Be3 Qd5
41. Qg4 Rc3 42. Ra6 Rxe3 43. Rxf6 Re1+ 44. Kg2 e3+ 45. Kh3 Qd3 46. Qe6+ Kh7 47.
Rf5 Qd1 48. Rf4 Qh5+ 49. Rh4 Qxh4+ 50. Kxh4 e2 51. Qe4+ Kh8 52. Qe3 g5+ 53. Kh5 1-0

[Event "World Youth Open U16 2016"]
[Site "Khanty-Mansiysk RUS"]
[Date "2016.09.28"]
[Round "6.33"]
[White "Anaskin, Arsenij"]
[Black "Plaza Reino, Agustin"]
[Result "1-0"]
[WhiteElo "2153"]
[BlackElo "1891"]
[WhiteFideId "357790"]
[BlackFideId "32083483"]
[EventDate "2016.09.22"]

1. e4 c5 2. Nf3 e6 3. d4 cxd4 4. Nxd4 a6 5. Nc3 Qc7 6. g3 b5 7. Bg2 Bb7 8. O-O
Nf6 9. Re1 d6 10. a4 bxa4 11. Nd5 Nxd5 12. exd5 e5 13. c3 Be7 14. Qxa4+ Nd7 15.
Nf5 Bf6 16. Qg4 Kf8 17. Be3 Nb6 18. Qb4 Nxd5 19. Qxd6+ Qxd6 20. Nxd6 Bc6 21. Bc5
Kg8 22. b4 g6 23. Red1 Ne7 24. Bxc6 Nxc6 25. b5 Ne7 26. Ne4 Kg7 27. Rd6 Ng8 28.
Rdxa6 Rb8 29. Nxf6 Nxf6 30. Rxf6 1-0

[Event "World Youth Open U16 2016"]
[Site "Khanty-Mansiysk RUS"]
[Date "2016.09.28"]
[Round "6.34"]
[White "Petersen, Caleb"]
[Black "Zamar Kodelja, Jurij"]
[Result "0-1"]
[WhiteElo "1884"]
[BlackElo "2126"]
[WhiteFideId "2622734"]
[BlackFideId "14609649"]
[EventDate "2016.09.22"]

1. e4 g6 2. d4 Bg7 3. Nf3 d6 4. Bc4 e6 5. Nc3 a6 6. Bg5 Ne7 7. Qd2 h6 8. Be3 b5
9. Bb3 Bb7 10. a3 Nd7 11. Bf4 Nf6 12. e5 Nh5 13. exd6 cxd6 14. O-O-O Bxf3 15.
gxf3 Nxf4 16. Qxf4 d5 17. h4 h5 18. Kb1 Nf5 19. Ne2 Qd6 20. c3 Qxf4 21. Nxf4 Bf6
22. Ng2 a5 23. Rde1 Kd7 24. Bc2 Nd6 25. Nf4 Nc4 26. Re2 Rhc8 27. Nd3 Be7 28. Bb3
Nb6 29. Ne5+ Ke8 30. Rhe1 Bd6 31. f4 Ra7 32. Bc2 Bxe5 33. fxe5 b4 34. Re3 Rac7
35. Bb3 bxc3 36. Rc1 cxb2 37. Rxc7 Rxc7 38. Kxb2 a4 39. Ba2 Nc4+ 40. Bxc4 Rxc4
41. Rd3 0-1

[Event "World Youth Open U16 2016"]
[Site "Khanty-Mansiysk RUS"]
[Date "2016.09.28"]
[Round "6.36"]
[White "Zubehhin, Aleksei"]
[Black "German, Nikita"]
[Result "0-1"]
[WhiteElo "1866"]
[BlackElo "2106"]
[WhiteFideId "4503554"]
[BlackFideId "24175501"]
[EventDate "2016.09.22"]

1. d4 Nf6 2. c4 d6 3. Nc3 g6 4. e4 Bg7 5. Nf3 O-O 6. Be2 Na6 7. O-O e5 8. d5 Nc5
9. Qc2 a5 10. Ne1 Nfd7 11. Bd3 Nxd3 12. Nxd3 f5 13. f3 f4 14. a3 g5 15. Bd2 h5
16. b4 g4 17. Nb5 Nf6 18. c5 Rf7 19. Rac1 Ne8 20. bxa5 Bf8 21. a4 Rg7 22. Kh1 g3
23. Be1 Qh4 24. h3 Bxh3 25. gxh3 Qxh3+ 26. Kg1 g2 0-1

[Event "World Youth Open U16 2016"]
[Site "Khanty-Mansiysk RUS"]
[Date "2016.09.28"]
[Round "6.37"]
[White "Maerevoet, Sim"]
[Black "Hiebert, Kenji"]
[Result "0-1"]
[WhiteElo "1771"]
[BlackElo "2066"]
[WhiteFideId "241725"]
[BlackFideId "7001959"]
[EventDate "2016.09.22"]

1. e4 c5 2. Nf3 Nc6 3. b4 Nxb4 4. c3 Nc6 5. d4 d5 6. e5 Bg4 7. Nbd2 cxd4 8. cxd4
e6 9. Bd3 Bb4 10. O-O Nge7 11. Rb1 Qd7 12. Nb3 Nf5 13. h3 Bxf3 14. Qxf3 O-O 15.
Bxf5 exf5 16. Bg5 Rfc8 17. Rfd1 b6 18. Qg3 Nd8 19. Nc1 Bf8 20. Ne2 Ne6 21. Nf4
Nxf4 22. Bxf4 Rc2 23. Qb3 Rac8 24. Rb2 Qc6 25. Rd2 Rxb2 26. Rxb2 Qc4 27. Qxc4
Rxc4 28. Rd2 Bb4 29. Rd3 Bc3 30. Be3 f4 31. Bxf4 Bxd4 32. Be3 Bxe3 33. fxe3 Kf8
34. Rxd5 Ra4 35. Rd2 Ke7 36. Kf2 Ke6 37. Kf3 Kxe5 38. g4 g6 39. Ke2 Ra3 40. Kf3
f6 41. Kf2 b5 42. Kf3 b4 43. Kf2 a5 44. Kf3 a4 45. Rd4 Rxa2 46. Rxb4 Kd5 47. Rb6
a3 48. Rxf6 Rb2 49. Ra6 a2 50. e4+ Kd4 51. Ra4+ Kc3 52. e5 Kb3 53. Ra8 Rb1 54.
Ke4 a1=Q 55. Rxa1 Rxa1 56. Kd5 Rh1 57. e6 Rxh3 58. Ke4 Rh1 0-1